000
00235nam a22000857a 4500
008
161201b xxu||||| |||| 00| 0 eng d
100
_9
1633
_a
Ram. S. K
245
_a
Learning to communicate Litrature Reader
260
_a
New delhi
_b
oxford
_c
2005
999
_c
4347
_d
4347